Ionospheric radio propagation / (Record no. 183232)
[ view plain ]
| 000 -LEADER | |
|---|---|
| fixed length control field | 00894 a2200181 4500 |
| 003 - CONTROL NUMBER IDENTIFIER | |
| control field | Nust |
| 005 - DATE AND TIME OF LATEST TRANSACTION | |
| control field | 20221220131719.0 |
| 040 ## - CATALOGING SOURCE | |
| Transcribing agency | Nust |
| 082 ## - DEWEY DECIMAL CLASSIFICATION NUMBER | |
| Classification number | 621.38411,DAV |
| 100 ## - MAIN ENTRY--PERSONAL NAME | |
| Personal name | Davies, Kenneth. |
| 9 (RLIN) | 105369 |
| 245 ## - TITLE STATEMENT | |
| Title | Ionospheric radio propagation / |
| Statement of responsibility, etc. | Kenneth Davies, |
| 260 ## - PUBLICATION, DISTRIBUTION, ETC. | |
| Place of publication, distribution, etc. | Dover Publications |
| Name of publisher, distributor, etc. | New York, |
| Date of publication, distribution, etc. | 1966 |
| 300 ## - PHYSICAL DESCRIPTION | |
| Extent | xiv, 470 p |
| Other physical details | illus |
| Dimensions | maps |
| Accompanying material | 22 cm |
| 505 ## - FORMATTED CONTENTS NOTE | |
| Formatted contents note | The Earth Atmosphere, Geomagnetism and the Sun (Page-1), Theory of Wave Propagation (Page-45), Synoptic Studies of the Ionosphere (Page-101), Oblique Propagation (Page-159), Signal Strength (Page-217), Ionospheric Disturbance (Page-257), Ionospheric Propagation Predictions (Page-289), Setter Propagation on Very High Frequencies (Page-343), Propagation of Low and Very Low Frequency Wave (Page-393) |
| 600 ## - SUBJECT ADDED ENTRY--PERSONAL NAME | |
| Personal name | Davies, Kenneth. |
| 9 (RLIN) | 105369 |
| 650 ## - SUBJECT ADDED ENTRY--TOPICAL TERM | |
| Topical term or geographic name entry element | Ionospheric radio propagation |
| 9 (RLIN) | 105370 |
| 942 ## - ADDED ENTRY ELEMENTS (KOHA) | |
| Source of classification or shelving scheme | |
| Koha item type | Book |
| Withdrawn status | Lost status | Source of classification or shelving scheme | Damaged status | Not for loan | Permanent Location | Current Location | Shelving location | Date acquired | Full call number | Barcode | Date last seen | Price effective from | Koha item type | Public note |
|---|---|---|---|---|---|---|---|---|---|---|---|---|---|---|
| Military College of Signals (MCS) | Military College of Signals (MCS) | General Stacks | 12/12/2016 | 621.38411,DAV | MCS6637 | 12/08/2016 | 12/12/2016 | Book | Almirah No.38, Shelf No.4 |
